A first look at Philippine Trees (Record no. 20085)
[ view plain ]
| 000 -LEADER | |
|---|---|
| fixed length control field | 01081nam a2200301 c 4500 |
| 003 - CONTROL NUMBER IDENTIFIER | |
| control field | DE-604 |
| 005 - DATE AND TIME OF LATEST TRANSACTION | |
| control field | 20260408143941.0 |
| 007 - PHYSICAL DESCRIPTION FIXED FIELD--GENERAL INFORMATION | |
| fixed length control field | t| |
| 008 - FIXED-LENGTH DATA ELEMENTS--GENERAL INFORMATION | |
| fixed length control field | 970624s1994 ph a|||b |||| 00||0 engod |
| 020 ## - INTERNATIONAL STANDARD BOOK NUMBER | |
| International Standard Book Number | 9789716300208 |
| 040 ## - CATALOGING SOURCE | |
| Original cataloging agency | DE-604 |
| Language of cataloging | ger |
| Description conventions | rakddb |
| Transcribing agency | GESM |
| 041 0# - LANGUAGE CODE | |
| Language code of text/sound track or separate title | eng |
| 082 ## - DEWEY DECIMAL CLASSIFICATION NUMBER | |
| Classification number | 582 |
| 100 ## - MAIN ENTRY--PERSONAL NAME | |
| Personal name | Bulalacao, Lolita J. |
| 245 10 - TITLE STATEMENT | |
| Title | A first look at Philippine Trees |
| 246 13 - VARYING FORM OF TITLE | |
| Title proper/short title | Trees |
| 260 ## - PUBLICATION, DISTRIBUTION, ETC. | |
| Place of publication, distribution, etc. | Manila |
| Name of publisher, distributor, etc. | Tahanan Books for Young Readers |
| Date of publication, distribution, etc. | 1994 |
| 300 ## - PHYSICAL DESCRIPTION | |
| Extent | 24 p |
| Other physical details | color illus |
| Dimensions | 21 cm |
| 490 0# - SERIES STATEMENT | |
| Series statement | A first look at |
| 520 ## - SUMMARY, ETC. | |
| Summary, etc. | In this new series, botanist Lolita J. Bulalacao uses simple descriptions to distinguish one species from another so that children can sharpen their skills of observation, understand basic classification in biology and to open their eyes to the diversity of the world around them. |
| 521 ## - TARGET AUDIENCE NOTE | |
| Target audience note | Grade school |
| 526 ## - STUDY PROGRAM INFORMATION NOTE | |
| Program name | How the World Works<br/>Sharing the Planet |
| 650 #4 - SUBJECT ADDED ENTRY--TOPICAL TERM | |
| Topical term or geographic name entry element | Trees |
| Geographic subdivision | Philippines |
| 650 07 - SUBJECT ADDED ENTRY--TOPICAL TERM | |
| Topical term or geographic name entry element | Baum |
| Authority record control number or standard number | (DE-588)4004845-7 |
| Source of heading or term | gnd |
| 9 (RLIN) | rswk-swf |
| 655 ## - INDEX TERM--GENRE/FORM | |
| Genre/form data or focus term | FILIPINIANA |
| 700 1# - ADDED ENTRY--PERSONAL NAME | |
| Personal name | Dayao, Crispin |
| Relationship | ill |
| 942 ## - ADDED ENTRY ELEMENTS (KOHA) | |
| Source of classification or shelving scheme | Dewey Decimal Classification |
| Koha item type | Books |
| Suppress in OPAC | No |
| 999 ## - | |
| -- | 20085 |
| -- | 20085 |
| Withdrawn status | Lost status | Not for loan | Collection | Home library | Current library | Shelving location | Inventory number | Total checkouts | Full call number | Barcode | Date last seen | Price effective from | Koha item type | Public note |
|---|---|---|---|---|---|---|---|---|---|---|---|---|---|---|
| English Non-Fiction Grade School | GESM Library | GESM Library | Main Library Book Baskets | 95-35985 | ENG 582 BUL | E0001383 | 08/04/2026 | 08/04/2026 | Books | Good Condition |